000 01366nam a2200229Ia 4500
003 Ost
005 20260507074925.0
008 260507s9999||||xx |||||||||||||| ||und||
020 _a9957121472
040 _cfsecg
041 _aara
082 _a1.42
100 _aقنديلجي، عامر
_eمؤلف
245 0 _aالبحث العلمي واستخدام مصادر المعلومات التقليدية والالكترونية /
_c عامر قنديلجي
260 _aعمان:
_bدار اليازوري,
_c2008
300 _a429 صفحة؛
_bإيضاحات ؛
_c25 سم
520 _aتاريخ البحث العلمي ومستلزماته وأنواعه، خطوات اعداد البحث، منهج البحث العلمي، العينات وأدوات جمع المعلومات، كتابة الشكل النهائي للبحث، مصادر المعلومات التقليدية واستخدامعا في البحث، مصادر البحث الالكترونية، شبكة انترنيت واستخداماتها في البحث العلمي، المواقع البحثية الالكترونية على الانترنيت، توثيق المصادر والمعلومات واستخدام المكتبة في البحث
653 _aالانترنيت
653 _aالبحوث
653 _aمصادر المعلومات
942 _cكتاب
999 _c41824
_d41824